000 00617nam a22002177a 4500
005 20260515115046.0
008 250224b |||||||| |||| 00| 0 eng d
020 _a9789358493177
040 _aIN-DiNC
_cIN-DiNC
041 _deng
082 _a370.54
_bDEK
100 _aDeka, Nabanita
_eauthor
245 _aHistory of Indian education (Minor 4)/
_cby Nabanita Deka, Lokman Ali and Papori Handique
250 _a1st ed.
260 _aDibrugarh:
_bBanalata,
_c2025.
300 _a586p.
650 _aIndian education
700 _aAli, Lokman
_eauthor
700 _aHandique, Papori
_eauthor
942 _2ddc
_cBK
999 _c12023
_d12023